Culture Générale - Série 1958 - Statistiques

Statistiques générales
  • Ce quiz a été pris 87 fois
  • Le résultat moyen est 5 sur 10
Statistiques - réponses
Question Réponse % Correct
Dans un restaurant, quel nom donne-t-on familièrement au chargé de vaisselle ? plongeur
80%
Quel terme géographique est opposé à "adret" ? ubac
76%
De quel fleuve le Loing est-il un affluent ? Seine
74%
Quel nom portait l'épée mythique de Roland de Roncevaux ? Durandal
67%
Quel verbe (familier) du 1er groupe, en 6 lettres signifie "dénoncer, cafarder" ? cafter
49%
Dans quel département français coule le petit fleuve côtier appelé rivière d'Étel ou ria d'Étel ? Morbihan
45%
Etoffe de laine à carreaux de couleurs, typique des peuples celtes. voir photo tartan
40%
Quel mot de 9 lettres désigne une grande bavarde et une concierge ? pipelette
38%
Comment s'appelle la célèbre école d'ébénisterie située à Paris ? Boulle
33%
Dans la marine le "barrot" est une traverse qui soutient les bordages appelée également ... bau
2%
Aucun quiz correspondant
Distribution des résultats
% des personnes avec chaque résultat
Percentile par nombre de réponses
Votre historique - résultats
Vous n’avez pas pris ce quiz